National Center for Atmospheric Research (Record no. 119831)

MARC details
000 -LEADER
fixed length control field 00836cam a2200229 4500
001 - CONTROL NUMBER
control field WS114124
008 - FIXED-LENGTH DATA ELEMENTS--GENERAL INFORMATION
fixed length control field 010814n 000 0 eng u
035 ## - SYSTEM CONTROL NUMBER
System control number (Sirsi) u114124
110 ## - MAIN ENTRY--CORPORATE NAME
Corporate name or jurisdiction name as entry element National Center for Atmospheric Research
9 (RLIN) 4112
245 ## - TITLE STATEMENT
Title National Center for Atmospheric Research
520 ## - SUMMARY, ETC.
Summary, etc. Web site for the US research body established to serve as a focus for research on atmospheric and related science problems outlining their research projects on climate change.
650 ## - SUBJECT ADDED ENTRY--TOPICAL TERM
Topical term or geographic name entry element USA
650 ## - SUBJECT ADDED ENTRY--TOPICAL TERM
Topical term or geographic name entry element RESEARCH
650 ## - SUBJECT ADDED ENTRY--TOPICAL TERM
Topical term or geographic name entry element CLIMATE CHANGE
650 ## - SUBJECT ADDED ENTRY--TOPICAL TERM
Topical term or geographic name entry element POLLUTION
650 ## - SUBJECT ADDED ENTRY--TOPICAL TERM
Topical term or geographic name entry element NASA
650 ## - SUBJECT ADDED ENTRY--TOPICAL TERM
Topical term or geographic name entry element OZONE LAYER
650 ## - SUBJECT ADDED ENTRY--TOPICAL TERM
Topical term or geographic name entry element INTERNATIONAL
690 ## - LOCAL SUBJECT ADDED ENTRY--TOPICAL TERM (OCLC, RLIN)
Topical term or geographic name as entry element ENVIRONMENTAL AND LAND CONSULTANCY
856 40 - ELECTRONIC LOCATION AND ACCESS
Uniform Resource Identifier <a href="https://www.ncar.ucar.edu/ncar/index.html">https://www.ncar.ucar.edu/ncar/index.html</a>
Public note View the website free of charge at www.ncar.ucar.edu...
942 ## - ADDED ENTRY ELEMENTS (KOHA)
Suppress in OPAC 0
Holdings
Withdrawn status Lost status Source of classification or shelving scheme Damaged status Not for loan Home library Current library Shelving location Date acquired Total Checkouts Full call number Barcode Date last seen Copy number Price effective from Koha item type
    Dewey Decimal Classification     Virtual Virtual Online 14/08/2001   WEB SITE 114124-2001 06/08/2019 1 06/08/2019 Online material